Report Of The Joint Committee On Constitutional, Legal And Parliamentary Affairs And Foreign Affairs On The United Nations Convention Against Corruption (Record no. 3233)

MARC details
000 -LEADER
fixed length control field 00662nam a2200193Ia 4500
003 - CONTROL NUMBER IDENTIFIER
control field OSt
005 - DATE AND TIME OF LATEST TRANSACTION
control field 20250711155642.0
008 - FIXED-LENGTH DATA ELEMENTS--GENERAL INFORMATION
fixed length control field 240429s9999||||xx |||||||||||||| ||und||
041 ## - LANGUAGE CODE
Language code of text/sound track or separate title eng
082 ## - DEWEY DECIMAL CLASSIFICATION NUMBER
Classification number Acc. No. 11,317 CR/UNCC/05
110 ## - MAIN ENTRY--CORPORATE NAME
Corporate name or jurisdiction name as entry element Joint Committee On Constitutional, Legal And Parliamentary Affairs
245 #0 - TITLE STATEMENT
Title Report Of The Joint Committee On Constitutional, Legal And Parliamentary Affairs And Foreign Affairs On The United Nations Convention Against Corruption
260 ## - PUBLICATION, DISTRIBUTION, ETC.
Place of publication, distribution, etc. Accra
Name of publisher, distributor, etc. Parliament Of Ghana
Date of publication, distribution, etc. 2005
300 ## - PHYSICAL DESCRIPTION
Extent 5p
650 ## - SUBJECT ADDED ENTRY--TOPICAL TERM
Topical term or geographic name entry element
653 ## - INDEX TERM--UNCONTROLLED
Uncontrolled term United Nations Convention Against Corruption
942 ## - ADDED ENTRY ELEMENTS (KOHA)
Koha item type Committee Reports
Source of classification or shelving scheme Dewey Decimal Classification
Suppress in OPAC No
Holdings
Withdrawn status Lost status Source of classification or shelving scheme Damaged status Not for loan Home library Current library Shelving location Date acquired Total checkouts Full call number Date last seen Copy number Price effective from Koha item type
    Dewey Decimal Classification     Main Library Main Library Open Shelves 11/07/2025   Acc. No. 11,317 CR/UNCC/05 11/07/2025 1 11/07/2025 Committee Reports
©2026  Parliament of Ghana Library - All rights reserved